<?xml version="1.0" encoding="UTF-8"?>
<record
    xmlns:xsi="http://www.w3.org/2001/XMLSchema-instance"
    xsi:schemaLocation="http://www.loc.gov/MARC21/slim http://www.loc.gov/standards/marcxml/schema/MARC21slim.xsd"
    xmlns="http://www.loc.gov/MARC21/slim">

  <leader>00595nam a22001337a 4500</leader>
  <controlfield tag="005">20250806101124.0</controlfield>
  <controlfield tag="008">250806b        |||||||| |||| 00| 0 eng d</controlfield>
  <datafield tag="050" ind1=" " ind2=" ">
    <subfield code="a">THE S 619 .K4 M35 2021</subfield>
    <subfield code="b">C.1</subfield>
  </datafield>
  <datafield tag="100" ind1=" " ind2=" ">
    <subfield code="a">Makone, Samson Manono</subfield>
  </datafield>
  <datafield tag="245" ind1=" " ind2=" ">
    <subfield code="a">Impact of Irrigation Technologies Promoted Through Project Extension Approach on Farming System and Crop Productivity in Oluch-Kumira, Kenya</subfield>
  </datafield>
  <datafield tag="260" ind1=" " ind2=" ">
    <subfield code="a">Kisii</subfield>
    <subfield code="b">Kisii University</subfield>
    <subfield code="c">2021</subfield>
  </datafield>
  <datafield tag="650" ind1=" " ind2=" ">
    <subfield code="a">1. Irrigation - Kenya. 2. Agricultural innovations - Kenya. 3. Agricultural extension work - Kenya. 4. Crop productivity - Kenya.</subfield>
  </datafield>
  <datafield tag="942" ind1=" " ind2=" ">
    <subfield code="2">lcc</subfield>
    <subfield code="c">REF</subfield>
  </datafield>
  <datafield tag="999" ind1=" " ind2=" ">
    <subfield code="c">215989</subfield>
    <subfield code="d">215989</subfield>
  </datafield>
  <datafield tag="952" ind1=" " ind2=" ">
    <subfield code="0">0</subfield>
    <subfield code="1">0</subfield>
    <subfield code="2">lcc</subfield>
    <subfield code="4">0</subfield>
    <subfield code="6">THE S619 K4 M35  02021</subfield>
    <subfield code="7">0</subfield>
    <subfield code="8">SC</subfield>
    <subfield code="9">372763</subfield>
    <subfield code="a">KSUL</subfield>
    <subfield code="b">KSUL</subfield>
    <subfield code="d">2025-08-06</subfield>
    <subfield code="i">109401</subfield>
    <subfield code="l">0</subfield>
    <subfield code="o">THE S 619 .K4 M35 2021</subfield>
    <subfield code="p">000000023529</subfield>
    <subfield code="r">2025-08-06 10:13:11</subfield>
    <subfield code="t">C.1</subfield>
    <subfield code="w">2025-08-06</subfield>
    <subfield code="y">REF</subfield>
  </datafield>
  <datafield tag="952" ind1=" " ind2=" ">
    <subfield code="0">0</subfield>
    <subfield code="1">0</subfield>
    <subfield code="2">lcc</subfield>
    <subfield code="4">0</subfield>
    <subfield code="6">THE S619 K4 M35  02021</subfield>
    <subfield code="7">0</subfield>
    <subfield code="8">SC</subfield>
    <subfield code="9">372764</subfield>
    <subfield code="a">KSUL</subfield>
    <subfield code="b">KSUL</subfield>
    <subfield code="d">2025-08-06</subfield>
    <subfield code="i">100158</subfield>
    <subfield code="l">0</subfield>
    <subfield code="o">THE S 619 .K4 M35 2021</subfield>
    <subfield code="p">000000023528</subfield>
    <subfield code="r">2025-08-06 10:46:38</subfield>
    <subfield code="t">C.2</subfield>
    <subfield code="w">2025-08-06</subfield>
    <subfield code="y">REF</subfield>
  </datafield>
</record>
